000 00532cam a22002291 4500
001 sa 67006091
003 DLC
005 20260227112403.0
008 940602s1964 pk 000 1 urdo
010 _asa 67006091
025 _aPL480:P-U-1084
035 _a(OCoLC)30538226
040 _aDLC
_cCU
_dCU
_dDLC
042 _apremarc
050 0 0 _aPK2200.N6
_bN8
100 0 _aNoor-us-Sabah,
_cBegum.
245 1 0 _aNūr-i mashriq.
260 _c[1964]
300 _a189 p.
_c19 cm.
500 _aIn Urdu.
500 _aA novel.
999 _c75676
_d75676